000 00572nam a2200181 4500
999 _c164878
_d164878
005 20190529173829.0
010 _aENG-125378
020 _c225.00
_a9789350020913
035 _aEN-108910
037 _bDBAD/PUB
082 _a306.3450954
100 _aGhosh, Pothik
245 _aInsurgent metaphors:
_cby Pothik Ghosh
_bEssays in culture and class/
260 _a Delhi
_bAakar Books
_c2010
270 _a28 E Pocket IV, Mayur Vihar Phase I,
_b Delhi
_e110091
_maakarbooks@gmail.com
300 _a216p
_c22cm(pbk)
942 _2ddc
_cEN
_h306.3450954
_mGHO